Miasta w Chinach - nagła śmierć - Statystyki

Ogólne statystyki
  • Ten quiz został rozwiązany 59 razy
  • Średni wynik to 16 z 19
Answers on the Grid
Answers color-coded by a green-red scale on the quiz's grid according to % correct below.
Isfahan
Ahwaz
Ułan Bator
Magadan
Suche Bator
Czyta
Bałchasz
Khulna
Surat
Mumbaj
Ho Chi Minh
Chengdu
Chongqing
Dalian
Foshan
Fuzhou
Hangzhou
Harbin
Kanton
Nankin
Pekin
Qingdao
Shantou
Shenzhen
Szanghaj
Tiencin
Wuhan
Wuxi
Xi'an
Xiamen
 
Statystyki odpowiedzi
Odpowiedź % Poprawnych
Pekin
100%
Szanghaj
97%
Xi'an
97%
Hangzhou
95%
Wuhan
95%
Shenzhen
92%
Chengdu
90%
Xiamen
90%
Chongqing
87%
Fuzhou
87%
Kanton
82%
Nankin
82%
Qingdao
82%
Shantou
79%
Tiencin
77%
Wuxi
74%
Foshan
62%
Dalian
54%
Harbin
51%
Nie znaleziono quizów pasujących do podanych kryteriów
Rozkład punktacji
Procent ludzi z każdym wynikiem
Percentyl według liczby udzielonych odpowiedzi
Twoja historia wyników
Nie rozwiązałeś tego quizu